Countries at 15°S Latitude - Statistics

General Stats
  • This quiz has been taken 97 times
  • The average score is 9 of 10
Answer Stats
Country % Correct
Australia
100%
Brazil
99%
Bolivia
98%
Angola
97%
Mozambique
97%
Peru
94%
Zambia
94%
Malawi
91%
Madagascar
88%
Vanuatu
72%
No matching quizzes found
Score Distribution
Percent of People with Each Score
Percentile by Number Answered
Your Score History
You have not taken this quiz